[Event "Deutsche Ländermeisterschaft 2023"]
[Site "Hannover GER"]
[Date "2023.10.01"]
[Round "2"]
[White "Reuter, Elisa"]
[Black "Dodul, Arthur"]
[Result "1-0"]
[Termination "normal"]
[Board "7.5"]
[WhiteTitle "WCM"]
[WhiteElo "1869"]
[BlackElo "1604"]
[WhiteClock "00:34:00"]
[BlackClock "00:31:05"]
[WhiteTeam "Thüringen"]
[BlackTeam "Brandenburg"]
[PlyCount "132"]
[WhiteFideId "12995444"]
[BlackFideId "34609016"]
[EventCountry "GER"]
[EventRounds "7"]
[EventType "team-swiss"]
[EventDate "2023.09.30"]

1. e4 {[%clk 01:30:59]} {[%emt 01:10:14]} e5 {[%clk 01:30:51]} {[%emt
00:00:09]} 2. Nf3 {[%clk 01:31:24]} {[%emt 00:00:05]} Nc6 {[%clk 01:31:16]}
{[%emt 00:00:04]} 3. Bc4 {[%clk 01:31:50]} {[%emt 00:00:04]} Bc5 {[%clk
01:31:36]} {[%emt 00:00:10]} 4. c3 {[%clk 01:32:16]} {[%emt 00:00:05]} Nf6
{[%clk 01:31:59]} {[%emt 00:00:06]} 5. d3 {[%clk 01:32:44]} {[%emt 00:00:02]}
d6 {[%clk 01:31:46]} {[%emt 00:00:43]} 6. Nbd2 {[%clk 01:33:06]} {[%emt
00:00:09]} a6 {[%clk 01:32:06]} {[%emt 00:00:10]} 7. a4 {[%clk 01:32:07]}
{[%emt 00:01:29]} Ba7 {[%clk 01:29:23]} {[%emt 00:03:11]} 8. Nf1 {[%clk
01:31:06]} {[%emt 00:01:32]} Be6 {[%clk 01:27:05]} {[%emt 00:02:47]} 9. Bxe6
{[%clk 01:25:06]} {[%emt 00:06:30]} fxe6 {[%clk 01:27:30]} {[%emt 00:00:05]}
10. Ng3 {[%clk 01:22:49]} {[%emt 00:02:47]} O-O {[%clk 01:25:35]} {[%emt
00:02:24]} 11. O-O {[%clk 01:22:45]} {[%emt 00:00:35]} h6 {[%clk 01:25:35]}
{[%emt 00:00:30]} 12. Be3 {[%clk 01:22:28]} {[%emt 00:00:47]} Bxe3 {[%clk
01:25:20]} {[%emt 00:00:45]} 13. fxe3 {[%clk 01:22:53]} {[%emt 00:00:06]} Qe7
{[%clk 01:24:56]} {[%emt 00:00:53]} 14. Qe2 {[%clk 01:17:49]} {[%emt 00:05:35]}
Rad8 {[%clk 01:24:23]} {[%emt 00:01:00]} 15. b4 {[%clk 01:17:25]} {[%emt
00:00:56]} Nb8 {[%clk 01:19:29]} {[%emt 00:05:24]} 16. Rad1 {[%clk 01:14:31]}
{[%emt 00:03:25]} Nbd7 {[%clk 01:17:19]} {[%emt 00:02:38]} 17. d4 {[%clk
01:12:57]} {[%emt 00:02:06]} c6 {[%clk 01:16:10]} {[%emt 00:01:39]} 18. Qa2
{[%clk 01:07:03]} {[%emt 00:06:23]} Kh7 {[%clk 01:11:29]} {[%emt 00:05:07]} 19.
a5 {[%clk 01:05:25]} {[%emt 00:02:13]} d5 {[%clk 01:04:23]} {[%emt 00:07:37]}
20. Qc2 {[%clk 01:03:33]} {[%emt 00:02:22]} Kg8 {[%clk 01:01:19]} {[%emt
00:03:34]} 21. Rde1 {[%clk 01:01:19]} {[%emt 00:02:43]} Qd6 {[%clk 00:56:15]}
{[%emt 00:05:26]} 22. Nh4 {[%clk 00:55:28]} {[%emt 00:06:30]} dxe4 {[%clk
00:49:13]} {[%emt 00:07:32]} 23. Ng6 {[%clk 00:54:00]} {[%emt 00:01:58]} Rf7
{[%clk 00:49:19]} {[%emt 00:00:23]} 24. Nxe4 {[%clk 00:53:08]} {[%emt
00:01:22]} Nxe4 {[%clk 00:42:27]} {[%emt 00:07:22]} 25. Qxe4 {[%clk 00:53:29]}
{[%emt 00:00:09]} Rxf1+ {[%clk 00:41:36]} {[%emt 00:01:20]} 26. Rxf1 {[%clk
00:53:06]} {[%emt 00:00:52]} exd4 {[%clk 00:40:55]} {[%emt 00:01:12]} 27. exd4
{[%clk 00:52:49]} {[%emt 00:00:48]} Nf6 {[%clk 00:40:48]} {[%emt 00:00:35]} 28.
Qf3 {[%clk 00:48:19]} {[%emt 00:05:01]} Re8 {[%clk 00:40:17]} {[%emt 00:00:56]}
29. h3 {[%clk 00:42:11]} {[%emt 00:06:44]} Kh7 {[%clk 00:37:59]} {[%emt
00:02:42]} 30. Ne5 {[%clk 00:39:53]} {[%emt 00:02:54]} Kg8 {[%clk 00:35:40]}
{[%emt 00:02:48]} 31. Qd3 {[%clk 00:28:01]} {[%emt 00:12:22]} Rf8 {[%clk
00:33:55]} {[%emt 00:02:14]} 32. Ng6 {[%clk 00:22:42]} {[%emt 00:05:50]} Rf7
{[%clk 00:32:29]} {[%emt 00:01:55]} 33. Qf3 {[%clk 00:19:43]} {[%emt 00:03:30]}
Kh7 {[%clk 00:31:18]} {[%emt 00:01:37]} 34. Ne5 {[%clk 00:17:35]} {[%emt
00:02:42]} Rf8 {[%clk 00:31:25]} {[%emt 00:00:23]} 35. Qd3+ {[%clk 00:16:30]}
{[%emt 00:01:36]} Kg8 {[%clk 00:31:46]} {[%emt 00:00:08]} 36. Qg6 {[%clk
00:16:35]} {[%emt 00:00:25]} Qe7 {[%clk 00:30:49]} {[%emt 00:01:25]} 37. Re1
{[%clk 00:15:24]} {[%emt 00:01:43]} Qd6 {[%clk 00:25:21]} {[%emt 00:05:50]} 38.
Nd3 {[%clk 00:13:32]} {[%emt 00:02:30]} Rf7 {[%clk 00:24:46]} {[%emt 00:01:02]}
39. Nc5 {[%clk 00:10:25]} {[%emt 00:03:40]} Re7 {[%clk 00:24:41]} {[%emt
00:00:34]} 40. Rf1 {[%clk 00:08:17]} {[%emt 00:02:40]} Nd5 {[%clk 00:16:41]}
{[%emt 00:08:28]} 41. Ne4 {[%clk 00:08:10]} {[%emt 00:00:40]} Qd8 {[%clk
00:16:18]} {[%emt 00:00:42]} 42. c4 {[%clk 00:06:19]} {[%emt 00:02:31]} Nxb4
{[%clk 00:10:05]} {[%emt 00:06:42]} 43. Nf6+ {[%clk 00:06:21]} {[%emt
00:00:29]} Kf8 {[%clk 00:10:19]} {[%emt 00:00:16]} 44. Nd5+ {[%clk 00:06:37]}
{[%emt 00:00:15]} Kg8 {[%clk 00:10:21]} {[%emt 00:00:28]} 45. Nxe7+ {[%clk
00:06:55]} {[%emt 00:00:12]} Qxe7 {[%clk 00:10:41]} {[%emt 00:00:10]} 46. Re1
{[%clk 00:07:02]} {[%emt 00:00:22]} Qf6 {[%clk 00:08:35]} {[%emt 00:02:35]} 47.
Qxf6 {[%clk 00:07:17]} {[%emt 00:00:15]} gxf6 {[%clk 00:08:59]} {[%emt
00:00:06]} 48. Rxe6 {[%clk 00:07:38]} {[%emt 00:00:10]} Kf7 {[%clk 00:09:24]}
{[%emt 00:00:05]} 49. Re2 {[%clk 00:07:55]} {[%emt 00:00:13]} c5 {[%clk
00:08:46]} {[%emt 00:01:07]} 50. d5 {[%clk 00:07:54]} {[%emt 00:00:31]} Nd3
{[%clk 00:07:56]} {[%emt 00:01:20]} 51. Rc2 {[%clk 00:04:14]} {[%emt 00:04:10]}
Ke7 {[%clk 00:06:30]} {[%emt 00:01:55]} 52. Kf1 {[%clk 00:03:31]} {[%emt
00:01:14]} Kd6 {[%clk 00:06:34]} {[%emt 00:00:24]} 53. Ke2 {[%clk 00:03:06]}
{[%emt 00:00:58]} Ne5 {[%clk 00:03:01]} {[%emt 00:04:02]} 54. Ke3 {[%clk
00:01:36]} {[%emt 00:02:01]} Ng6 {[%clk 00:29:41]} {[%emt 00:03:51]} 55. Ke4
{[%clk 00:31:25]} {[%emt 00:00:41]} Ne7 {[%clk 00:29:13]} {[%emt 00:00:58]} 56.
Rb2 {[%clk 00:31:15]} {[%emt 00:00:39]} Kc7 {[%clk 00:29:20]} {[%emt 00:00:22]}
57. Rb6 {[%clk 00:31:24]} {[%emt 00:00:23]} Ng8 {[%clk 00:29:05]} {[%emt
00:00:46]} 58. g4 {[%clk 00:31:21]} {[%emt 00:00:33]} Kc8 {[%clk 00:29:18]}
{[%emt 00:00:16]} 59. d6 {[%clk 00:31:28]} {[%emt 00:00:24]} Kd7 {[%clk
00:29:30]} {[%emt 00:00:18]} 60. Kd5 {[%clk 00:31:50]} {[%emt 00:00:07]} Kc8
{[%clk 00:29:41]} {[%emt 00:00:19]} 61. Ke6 {[%clk 00:32:06]} {[%emt 00:00:14]}
Kd8 {[%clk 00:29:37]} {[%emt 00:00:34]} 62. Rxb7 {[%clk 00:32:27]} {[%emt
00:00:10]} Kc8 {[%clk 00:29:59]} {[%emt 00:00:06]} 63. Rg7 {[%clk 00:32:52]}
{[%emt 00:00:05]} h5 {[%clk 00:30:17]} {[%emt 00:00:13]} 64. Rxg8+ {[%clk
00:33:17]} {[%emt 00:00:06]} Kb7 {[%clk 00:30:41]} {[%emt 00:00:05]} 65. d7
{[%clk 00:33:38]} {[%emt 00:00:09]} h4 {[%clk 00:30:51]} {[%emt 00:00:20]} 66.
d8=Q {[%clk 00:34:00]} {[%emt 00:00:08]} Kc6 {[%clk 00:31:05]} {[%emt
00:00:15]}  1-0

[Event "Deutsche Ländermeisterschaft 2023"]
[Site "Hannover GER"]
[Date "2023.10.01"]
[Round "2"]
[White "Dodul, Alice"]
[Black "Junge, Mattheo Gabriel"]
[Result "0-1"]
[Termination "normal"]
[Board "7.6"]
[WhiteElo "1414"]
[BlackElo "1604"]
[WhiteClock "00:35:04"]
[BlackClock "00:23:21"]
[WhiteTeam "Brandenburg"]
[BlackTeam "Thüringen"]
[PlyCount "128"]
[WhiteFideId "34623817"]
[BlackFideId "34605908"]
[EventCountry "GER"]
[EventRounds "7"]
[EventType "team-swiss"]
[EventDate "2023.09.30"]

1. f4 {[%clk 01:30:59]} Nf6 {[%clk 01:30:50]} {[%emt 00:00:10]} 2. Nf3 {[%clk
01:31:22]} {[%emt 00:00:07]} g6 {[%clk 01:31:08]} {[%emt 00:00:13]} 3. e3
{[%clk 01:31:39]} {[%emt 00:00:12]} Bg7 {[%clk 01:31:24]} {[%emt 00:00:14]} 4.
Be2 {[%clk 01:31:42]} {[%emt 00:00:25]} O-O {[%clk 01:31:40]} {[%emt 00:00:16]}
5. O-O {[%clk 01:31:59]} {[%emt 00:00:13]} d5 {[%clk 01:31:31]} {[%emt
00:00:40]} 6. d3 {[%clk 01:31:55]} {[%emt 00:00:33]} b6 {[%clk 01:31:43]}
{[%emt 00:00:18]} 7. Qe1 {[%clk 01:31:48]} {[%emt 00:00:36]} Bb7 {[%clk
01:31:06]} {[%emt 00:01:07]} 8. h3 {[%clk 01:31:35]} {[%emt 00:00:43]} c5
{[%clk 01:30:24]} {[%emt 00:01:12]} 9. Nbd2 {[%clk 01:31:27]} {[%emt 00:00:38]}
Nc6 {[%clk 01:29:58]} {[%emt 00:00:56]} 10. Rb1 {[%clk 01:30:52]} {[%emt
00:01:04]} Qc7 {[%clk 01:29:16]} {[%emt 00:01:13]} 11. a3 {[%clk 01:30:27]}
{[%emt 00:00:56]} Rad8 {[%clk 01:27:40]} {[%emt 00:02:05]} 12. Qh4 {[%clk
01:28:31]} {[%emt 00:02:26]} e6 {[%clk 01:20:22]} {[%emt 00:07:48]} 13. b3
{[%clk 01:25:40]} {[%emt 00:03:22]} Ne7 {[%clk 01:13:45]} {[%emt 00:07:06]} 14.
Ne5 {[%clk 01:17:13]} {[%emt 00:08:57]} Nf5 {[%clk 01:11:41]} {[%emt 00:02:33]}
15. Qf2 {[%clk 01:16:33]} {[%emt 00:01:10]} d4 {[%clk 01:08:14]} {[%emt
00:03:58]} 16. Ndc4 {[%clk 01:14:14]} {[%emt 00:02:50]} dxe3 {[%clk 01:07:25]}
{[%emt 00:01:18]} 17. Nxe3 {[%clk 01:10:38]} {[%emt 00:04:06]} Nxe3 {[%clk
01:07:28]} {[%emt 00:00:28]} 18. Bxe3 {[%clk 01:08:53]} {[%emt 00:02:15]} Nd5
{[%clk 01:07:24]} {[%emt 00:00:34]} 19. Ng4 {[%clk 01:07:14]} {[%emt 00:02:09]}
Nxe3 {[%clk 01:06:58]} {[%emt 00:00:57]} 20. Nxe3 {[%clk 01:06:43]} {[%emt
00:01:00]} e5 {[%clk 01:04:10]} {[%emt 00:03:18]} 21. Ng4 {[%clk 00:58:52]}
{[%emt 00:08:21]} exf4 {[%clk 01:01:58]} {[%emt 00:02:42]} 22. Qxf4 {[%clk
00:57:10]} {[%emt 00:02:12]} Qxf4 {[%clk 01:01:36]} {[%emt 00:00:53]} 23. Rxf4
{[%clk 00:57:26]} {[%emt 00:00:13]} f5 {[%clk 01:00:57]} {[%emt 00:01:08]} 24.
Nh2 {[%clk 00:56:16]} {[%emt 00:01:40]} Bh6 {[%clk 00:57:53]} {[%emt 00:03:35]}
25. Rff1 {[%clk 00:55:54]} {[%emt 00:00:52]} Rfe8 {[%clk 00:56:30]} {[%emt
00:01:52]} 26. Bd1 {[%clk 00:54:08]} {[%emt 00:02:17]} Re3 {[%clk 00:52:38]}
{[%emt 00:04:20]} 27. Nf3 {[%clk 00:52:33]} {[%emt 00:02:06]} Rde8 {[%clk
00:51:31]} {[%emt 00:01:37]} 28. Kf2 {[%clk 00:51:36]} {[%emt 00:01:27]} b5
{[%clk 00:43:45]} {[%emt 00:08:18]} 29. Re1 {[%clk 00:46:33]} {[%emt 00:05:32]}
Rxe1 {[%clk 00:38:12]} {[%emt 00:06:04]} 30. Nxe1 {[%clk 00:46:16]} {[%emt
00:00:47]} Be3+ {[%clk 00:37:48]} {[%emt 00:00:54]} 31. Kf1 {[%clk 00:45:33]}
{[%emt 00:01:13]} Kg7 {[%clk 00:36:52]} {[%emt 00:01:26]} 32. Bf3 {[%clk
00:43:40]} {[%emt 00:02:23]} Bxf3 {[%clk 00:30:34]} {[%emt 00:06:48]} 33. Nxf3
{[%clk 00:43:05]} {[%emt 00:01:04]} Kf6 {[%clk 00:29:56]} {[%emt 00:01:07]} 34.
Re1 {[%clk 00:38:52]} {[%emt 00:04:44]} f4 {[%clk 00:29:14]} {[%emt 00:01:13]}
35. Nd2 {[%clk 00:38:06]} {[%emt 00:01:16]} Kg7 {[%clk 00:19:22]} {[%emt
00:10:21]} 36. Ne4 {[%clk 00:36:59]} {[%emt 00:01:38]} c4 {[%clk 00:16:01]}
{[%emt 00:03:52]} 37. Ke2 {[%clk 00:34:07]} {[%emt 00:03:20]} cxd3+ {[%clk
00:16:01]} {[%emt 00:00:30]} 38. Kxd3 {[%clk 00:32:56]} {[%emt 00:01:41]} Rd8+
{[%clk 00:15:48]} {[%emt 00:00:43]} 39. Ke2 {[%clk 00:28:58]} {[%emt 00:04:28]}
Rd4 {[%clk 00:10:07]} {[%emt 00:06:09]} 40. Kf3 {[%clk 00:28:27]} {[%emt
00:01:02]} a5 {[%clk 00:08:42]} {[%emt 00:01:56]} 41. g3 {[%clk 00:26:16]}
{[%emt 00:02:40]} Rd5 {[%clk 00:02:33]} {[%emt 00:06:38]} 42. gxf4 {[%clk
00:25:32]} {[%emt 00:01:14]} Bc5 {[%clk 00:01:40]} {[%emt 00:01:23]} 43. Nxc5
{[%clk 00:25:16]} {[%emt 00:00:46]} Rxc5 {[%clk 00:02:07]} {[%emt 00:00:05]}
44. Re2 {[%clk 00:25:12]} {[%emt 00:00:34]} Kf6 {[%clk 00:02:12]} {[%emt
00:00:25]} 45. Kg4 {[%clk 00:23:25]} {[%emt 00:02:17]} h6 {[%clk 00:30:08]}
{[%emt 00:02:34]} 46. h4 {[%clk 00:52:36]} {[%emt 00:01:19]} h5+ {[%clk
00:30:14]} {[%emt 00:00:24]} 47. Kf3 {[%clk 00:51:16]} {[%emt 00:01:49]} Rc3+
{[%clk 00:28:36]} {[%emt 00:02:09]} 48. Re3 {[%clk 00:48:34]} {[%emt 00:03:12]}
Rxc2 {[%clk 00:28:05]} {[%emt 00:01:01]} 49. Re5 {[%clk 00:47:01]} {[%emt
00:02:03]} Rc3+ {[%clk 00:28:24]} {[%emt 00:00:12]} 50. Re3 {[%clk 00:47:18]}
{[%emt 00:00:12]} Rc5 {[%clk 00:22:50]} {[%emt 00:06:04]} 51. Kg3 {[%clk
00:43:49]} {[%emt 00:03:58]} Kf5 {[%clk 00:21:44]} {[%emt 00:01:37]} 52. Kf3
{[%clk 00:43:34]} {[%emt 00:00:43]} b4 {[%clk 00:19:38]} {[%emt 00:02:37]} 53.
axb4 {[%clk 00:34:28]} {[%emt 00:09:36]} axb4 {[%clk 00:19:55]} {[%emt
00:00:13]} 54. Re5+ {[%clk 00:33:31]} {[%emt 00:01:26]} Rxe5 {[%clk 00:20:15]}
{[%emt 00:00:11]} 55. fxe5 {[%clk 00:33:49]} {[%emt 00:00:12]} Kxe5 {[%clk
00:20:34]} {[%emt 00:00:12]} 56. Ke3 {[%clk 00:34:03]} {[%emt 00:00:15]} Kf5
{[%clk 00:20:40]} {[%emt 00:00:24]} 57. Kd4 {[%clk 00:33:10]} {[%emt 00:01:22]}
g5 {[%clk 00:20:59]} {[%emt 00:00:12]} 58. hxg5 {[%clk 00:33:24]} {[%emt
00:00:16]} h4 {[%clk 00:21:20]} {[%emt 00:00:09]} 59. Kc4 {[%clk 00:33:35]}
{[%emt 00:00:19]} h3 {[%clk 00:21:43]} {[%emt 00:00:07]} 60. Kxb4 {[%clk
00:33:58]} {[%emt 00:00:06]} h2 {[%clk 00:22:07]} {[%emt 00:00:06]} 61. Kc5
{[%clk 00:34:11]} {[%emt 00:00:17]} h1=Q {[%clk 00:22:15]} {[%emt 00:00:23]}
62. b4 {[%clk 00:34:33]} {[%emt 00:00:09]} Qb7 {[%clk 00:22:40]} {[%emt
00:00:05]} 63. b5 {[%clk 00:34:49]} {[%emt 00:00:14]} Kxg5 {[%clk 00:22:58]}
{[%emt 00:00:11]} 64. b6 {[%clk 00:35:04]} {[%emt 00:00:15]} Kf6 {[%clk
00:23:21]} {[%emt 00:00:08]} 0-1

[Event "Deutsche Ländermeisterschaft 2023"]
[Site "Hannover GER"]
[Date "2023.10.01"]
[Round "2"]
[White "Loos, Tilda"]
[Black "Heuberger, Sandra"]
[Result "0-1"]
[Termination "normal"]
[Board "7.7"]
[WhiteElo "1423"]
[BlackElo "1271"]
[WhiteClock "00:00:36"]
[BlackClock "00:32:20"]
[WhiteTeam "Thüringen"]
[BlackTeam "Brandenburg"]
[PlyCount "62"]
[WhiteFideId "34620559"]
[BlackFideId "16232151"]
[EventCountry "GER"]
[EventRounds "7"]
[EventType "team-swiss"]
[EventDate "2023.09.30"]

1. e4 {[%clk 01:30:42]} {[%emt 00:00:17]} e5 {[%clk 01:30:52]} {[%emt
00:00:08]} 2. Nf3 {[%clk 01:31:04]} {[%emt 00:00:09]} Nc6 {[%clk 01:31:09]}
{[%emt 00:00:12]} 3. Bc4 {[%clk 01:31:29]} {[%emt 00:00:06]} Nf6 {[%clk
01:31:13]} {[%emt 00:00:26]} 4. Ng5 {[%clk 01:31:54]} {[%emt 00:00:05]} d5
{[%clk 01:31:18]} {[%emt 00:00:24]} 5. exd5 {[%clk 01:32:21]} {[%emt 00:00:03]}
b5 {[%clk 01:31:24]} {[%emt 00:00:24]} 6. Bf1 {[%clk 01:32:30]} {[%emt
00:00:21]} Nxd5 {[%clk 01:31:00]} {[%emt 00:00:53]} 7. Bxb5 {[%clk 01:32:19]}
{[%emt 00:00:42]} Bb7 {[%clk 01:30:34]} {[%emt 00:00:55]} 8. d4 {[%clk
01:32:26]} {[%emt 00:00:23]} Be7 {[%clk 01:22:49]} {[%emt 00:08:13]} 9. Qh5
{[%clk 01:28:23]} {[%emt 00:04:36]} Bxg5 {[%clk 01:13:12]} {[%emt 00:10:07]}
10. Bxg5 {[%clk 01:28:25]} {[%emt 00:00:27]} Qd6 {[%clk 01:12:51]} {[%emt
00:00:49]} 11. O-O {[%clk 01:22:43]} {[%emt 00:06:13]} g6 {[%clk 01:07:48]}
{[%emt 00:05:33]} 12. Qh6 {[%clk 01:20:31]} {[%emt 00:02:43]} f6 {[%clk
01:06:53]} {[%emt 00:01:24]} 13. Bh4 {[%clk 01:18:38]} {[%emt 00:02:23]} O-O-O
{[%clk 01:06:57]} {[%emt 00:00:25]} 14. Nc3 {[%clk 01:13:38]} {[%emt 00:05:30]}
Nxd4 {[%clk 01:05:18]} {[%emt 00:02:09]} 15. Ne4 {[%clk 01:01:53]} {[%emt
00:12:16]} Qb6 {[%clk 01:01:58]} {[%emt 00:03:48]} 16. Bd3 {[%clk 00:59:49]}
{[%emt 00:02:35]} Nf5 {[%clk 01:00:09]} {[%emt 00:02:20]} 17. Qc1 {[%clk
00:32:28]} {[%emt 00:27:51]} Nxh4 {[%clk 01:00:20]} {[%emt 00:00:18]} 18. a4
{[%clk 00:31:04]} {[%emt 00:01:54]} Nf5 {[%clk 00:55:34]} {[%emt 00:05:16]} 19.
a5 {[%clk 00:30:36]} {[%emt 00:00:59]} Qc6 {[%clk 00:54:34]} {[%emt 00:01:27]}
20. a6 {[%clk 00:30:11]} {[%emt 00:00:57]} Ba8 {[%clk 00:54:31]} {[%emt
00:00:32]} 21. Qe1 {[%clk 00:23:35]} {[%emt 00:07:07]} h5 {[%clk 00:53:05]}
{[%emt 00:01:57]} 22. b4 {[%clk 00:23:37]} {[%emt 00:00:27]} h4 {[%clk
00:51:36]} {[%emt 00:02:00]} 23. b5 {[%clk 00:23:40]} {[%emt 00:00:28]} Qb6
{[%clk 00:49:41]} {[%emt 00:02:24]} 24. h3 {[%clk 00:22:48]} {[%emt 00:01:23]}
Nf4 {[%clk 00:48:43]} {[%emt 00:01:26]} 25. Kh2 {[%clk 00:18:52]} {[%emt
00:04:27]} Nxd3 {[%clk 00:46:07]} {[%emt 00:03:05]} 26. cxd3 {[%emt 00:00:35]}
Rxd3 {[%clk 00:45:30]} {[%emt 00:01:05]} 27. Rb1 {[%clk 00:17:25]} {[%emt
00:01:54]} Qd4 {[%clk 00:41:01]} {[%emt 00:04:58]} 28. Nxf6 {[%clk 00:14:38]}
{[%emt 00:03:19]} Qf4+ {[%clk 00:39:42]} {[%emt 00:01:46]} 29. Kg1 {[%clk
00:13:21]} {[%emt 00:01:49]} Nd4 {[%clk 00:38:43]} {[%emt 00:01:27]} 30. Ne4
{[%clk 00:01:58]} {[%emt 00:11:55]} Bxe4 {[%clk 00:37:56]} {[%emt 00:01:17]}
31. f3 {[%clk 00:00:36]} {[%emt 00:01:52]} Bd5 {[%clk 00:32:20]} {[%emt
00:06:06]} 0-1